| 000 | 00776nmc a2200289 a 4500 | ||
|---|---|---|---|
| 003 | AR-BaBNM | ||
| 005 | 20251128211700.0 | ||
| 008 | 225020s2000 ||||||||||||||000 | spa|| | ||
| 020 | _a987-98166-1-7 | ||
| 040 | _cAR-BaBNM | ||
| 245 | 1 | 0 |
_aCuerpos, géneros e identidades _bestudios de historia de género en Argentina |
| 260 |
_aBuenos Aires _bDel Signo _c2000 |
||
| 300 | 0 | _a308 p. | |
| 490 | 0 | _aSituaciones | |
| 650 | 4 | _aHISTORIA ARGENTINA | |
| 650 | 4 | _aMUJERES | |
| 650 | 4 | _aCATOLICISMO | |
| 650 | 4 | _aHISTORIA CULTURAL | |
| 650 | 4 | _aFEMINISMO | |
| 653 | 0 | _aGENERO | |
| 653 | 0 | _aVIDA PRIVADA | |
| 700 | 1 |
_aHalperin, Paula _ecompilador |
|
| 700 | 1 |
_aAcha, Omar _ecompilador |
|
| 700 | 1 |
_aBarrancos, Dora _epresentación |
|
| 942 | _cBK | ||
| 998 | _cmariana | ||
| 999 |
_c20700 _d20700 |
||